| 000 | 00518nam a2200193Ia 4500 | ||
|---|---|---|---|
| 008 | 191130s2005##################000#0#eng## | ||
| 020 | _a9780060745301 | ||
| 040 |
_aACL _cACL |
||
| 082 | _a813.54 PET | ||
| 100 | _aPeters, Elizabeth | ||
| 245 |
_aBlack rainbow _cElizabeth Peters ; writing as Barbara Michaels |
||
| 260 |
_aNew York _bHarperTorch _c2005 |
||
| 300 | _a354 p. | ||
| 650 | _aEngland | ||
| 650 | _aGovernesses | ||
| 990 | _af823372fac10000c0fe93efb09e110f4 | ||
| 991 | _a382779 | ||
| 999 |
_c117186 _d117186 |
||